Eugenio Delacroix
Bewaard in:
| Hoofdauteur: | |
|---|---|
| Formaat: | Boek |
| Taal: | Spaans |
| Gepubliceerd in: |
Buenos Aires
Codex
1964
|
| Reeks: | Pinacoteca de los genios, 22
|
| Onderwerpen: | |
| Tags: |
Voeg label toe
Geen labels, Wees de eerste die dit record labelt!
|
MARC
| LEADER | 00000nam a2200000 a 4500 | ||
|---|---|---|---|
| 001 | UCV8150 | ||
| 003 | CL-VaPUC | ||
| 008 | 900822e19640000AG |||||||||||||||||spa|d | ||
| 082 | 0 | 4 | |a 759.05 |b MAR |2 21 |
| 100 | |a Martini, Alberto |e autor |9 573368 | ||
| 245 | 1 | 0 | |a Eugenio Delacroix |
| 300 | |a 8 p | ||
| 942 | |c BK | ||
| 945 | |d 19900822 00:00:00 | ||
| 260 | |a Buenos Aires |b Codex |c 1964 | ||
| 500 | |a Incluye: El juicio del siglo XX, por Julio E. Payro | ||
| 600 | 0 | 7 | |a DELACROIX, EUGENE |2 CL-VaPUC |9 266127 |
| 650 | 7 | |a ROMANTICISMO EN ARTE |2 CL-VaPUC |9 266128 | |
| 650 | 0 | |a Obras ilustradas |9 265022 | |
| 651 | 0 | |a Francia |9 255157 | |
| 583 | |a last modification |c 19900822 00:00:00 |k Rodrigo Vera | ||
| 490 | 0 | |a Pinacoteca de los genios, 22 | |
| 999 | |c 213707 |d 213705 | ||
| 952 | |0 0 |1 0 |4 0 |6 759_050000000000000_MAR_1964 |7 0 |8 A |9 196363 |a BIBARQ |b BIBARQ |d 2019-11-14 |i 2642611 |o 759.05 MAR 1964 |p 2642611 |r 2025-01-20 |w 2019-11-14 |y BK |k ARQ | ||
| 952 | |0 0 |1 0 |2 ddc |4 0 |6 759_050000000000000_MAR_1964 |7 0 |8 A |9 196364 |a BIBART |b BIBART |d 2019-11-14 |i 3807568 |o 759.05 MAR 1964 |p 3807568 |r 2025-03-13 |w 2019-11-14 |y BK |k ART | ||